000 00947nam a2200265 a 4500
008
020 _a1859721133 (hbk.)
049 _aMAIN
090 0 0 _aLC5225.T4
245 0 4 _aThe professional FE teacher :
_bstaff development and training in the corporate college /
_cedited by Jocelyn Robson.
260 _aAlsershot, England :
_bAvebury,
_cc1996.
300 _axvi, 136 p. :
_bill. ;
_c23 cm.
504 _aIncludes bibliographical references.
500 _aIncludes index.
650 0 _aAdult education teachers
_xTraining of
_zGreat Britain.
650 0 _aAdult education teachers
_xIn-service training
_zGreat Britain.
650 0 _aPostsecondary education
_zGreat Britain.
650 0 _aCollege teaching
_zGreat Britain.
700 1 _aRobson, Jocelyn.
907 _a.b10135315
_b20-09-04
_c09-09-04
003
005 20230123133822.0
040 _cNUST
942 _cBOOKS
_kLC5225.T4
999 _c155153
_d155153